Forensic psychiatry for health professionals / (Record no. 3867)

000 -LEADER
fixed length control field 00824cam a2200265 a 4500
003 - CONTROL NUMBER IDENTIFIER
control field ALUPE UNIVERSITY COLLEGE
005 - DATE AND TIME OF LATEST TRANSACTION
control field 20220218091715.0
008 - FIXED-LENGTH DATA ELEMENTS--GENERAL INFORMATION
fixed length control field 950613s1995 enk b 001 0 eng u
020 ## - INTERNATIONAL STANDARD BOOK NUMBER
International Standard Book Number 0412483505 (pbk) :
Canceled/invalid ISBN 1565931831 (U.S.):
040 ## - CATALOGING SOURCE
Transcribing agency ALUPE UNIVERSITY COLLEGE
050 #4 - LIBRARY OF CONGRESS CALL NUMBER
Classification number RA1151
Item number .L56 1995
090 0# - LOCALLY ASSIGNED LC-TYPE CALL NUMBER (OCLC); LOCAL CALL NUMBER (RLIN)
Classification number (OCLC) (R) ; Classification number, CALL (RLIN) (NR) RA 1151 L65 1995
Local cutter number (OCLC) ; Book number/undivided call number, CALL (RLIN) AEU
100 1# - MAIN ENTRY--PERSONAL NAME
Personal name Lloyd, Chris.
245 10 - TITLE STATEMENT
Title Forensic psychiatry for health professionals /
Statement of responsibility, etc. Chris Lloyd.
250 ## - EDITION STATEMENT
Edition statement 1st ed.
260 ## - PUBLICATION, DISTRIBUTION, ETC.
Place of publication, distribution, etc. London :
Name of publisher, distributor, etc. Chapman & Hall,
Date of publication, distribution, etc. c1995.
300 ## - PHYSICAL DESCRIPTION
Extent xvi, 222 p. ;
Dimensions 22 cm.
336 ## - CONTENT TYPE
Content type term text
Content type code txt
Source rdacontent
337 ## - MEDIA TYPE
Media type term unmediated
Media type code n
Source rdamedia
338 ## - CARRIER TYPE
Carrier type term volume
Carrier type code nc
Source rdacarrier
504 ## - BIBLIOGRAPHY, ETC. NOTE
Bibliography, etc. note Includes bibliographical references and index.
650 #0 - SUBJECT ADDED ENTRY--TOPICAL TERM
Topical term or geographic name entry element Forensic psychiatry.
830 #0 - SERIES ADDED ENTRY--UNIFORM TITLE
Volume/sequential designation 46.
942 ## - ADDED ENTRY ELEMENTS (KOHA)
Source of classification or shelving scheme
Koha item type Book
Suppress in OPAC WO
Holdings
Withdrawn status Lost status Source of classification or shelving scheme Damaged status Not for loan Permanent Location Current Location Shelving location Date acquired Source of acquisition Total Checkouts Full call number Barcode Date last seen Price effective from Koha item type Public note Copy number
          AU LIBRARY AU LIBRARY Lost 18.02.2022 DONATION FROM MOI UNIVERSITY   RA1151 .L56 1995 28005445 18.02.2022 18.02.2022 Book WO  
          AU LIBRARY AU LIBRARY Open Shelf 25.03.2022 DONATION FROM MOI UNIVERSITY   RA1151 .L56 1995 C2 28006889 25.03.2022 25.03.2022 Book PW 2

Powered by Koha